[Event "Reykjavik op"]
[Site "Reykjavik"]
[Date "2025.04.14"]
[Round "8"]
[White "Grettisson, Arnar Breki"]
[Black "Soderberg, Kevin"]
[Result "1-0"]
[WhiteElo "1794"]
[BlackElo "1944"]
[PlyCount "99"]
[EventDate "2025.04.09"]
[EventType "swiss"]
[EventRounds "9"]
[EventCountry "ISL"]
[SourceTitle "CB17_2025"]
[SourceDate "2025.04.23"]
[SourceVersion "1"]
[SourceVersionDate "2025.04.23"]
[SourceQuality "1"]

1. e4 c5 2. Nf3 g6 3. d4 cxd4 4. Nxd4 Bg7 5. Nc3 Nc6 6. Be3 Nf6 7. f3 0-0 8. Qd2 d5 9. Nxc6 bxc6 10. 0-0-0 Qc7 11. h4 dxe4 12. Bc4 exf3 13. gxf3 h5 14. Bh6 Bf5 15. Bxg7 Kxg7 16. Rdg1 e6 17. Ne2 Nd5 18. Ng3 Kh7 19. Bxd5 cxd5 20. Nxf5 exf5 21. Qxd5 Rfd8 22. Qb3 a5 23. Rd1 a4 24. Qb4 Rdc8 25. Rd2 a3 26. b3 Qc3 27. Qxc3 Rxc3 28. Rd3 Rxd3 29. cxd3 Kg7 30. Kd2 Kf6 31. f4 Ke6 32. Rc1 Kd6 33. b4 f6 34. Rg1 Rg8 35. Kc3 g5 36. hxg5 fxg5 37. fxg5 Ke5 38. g6 Kf4 39. Rh1 Kg4 40. g7 h4 41. Kd4 h3 42. Ke5 Re8+ 43. Kf6 f4 44. Kf7 Rb8 45. g8Q+ Rxg8 46. Kxg8 f3 47. b5 Kg3 48. b6 Kg2 49. Rc1 h2 50. b7 1-0

[Event "Vaxjo op"]
[Site "Vaxjo"]
[Date "2023.02.10"]
[Round "1"]
[White "Soderberg, Kevin"]
[Black "Amar, Elham"]
[Result "0-1"]
[WhiteElo "1832"]
[BlackElo "2527"]
[PlyCount "40"]
[EventDate "2023.02.10"]
[EventType "swiss"]
[EventRounds "8"]
[EventCountry "SWE"]
[SourceTitle "CBM 212 Extra"]
[Source "ChessBase"]
[SourceDate "2023.03.31"]
[SourceVersion "1"]
[SourceVersionDate "2023.03.31"]
[SourceQuality "1"]

1. c4 e6 2. Nf3 d5 3. d4 Nf6 4. g3 dxc4 5. Bg2 Nc6 6. 0-0 Rb8 7. a4 a6 8. e3 Be7 9. Nbd2 b5 10. Ne5 Nxe5 11. dxe5 Nd7 12. Nf3 0-0 13. Qc2 Bb7 14. Nd4 Bxg2 15. Kxg2 Nxe5 16. Rd1 Nd3 17. b3 Qd5+ 18. Kg1 Bf6 19. Bb2 Nxb2 20. Qxb2 c5 0-1